000 00575nam a2200277Ia 4500
005 20260401122427.0
008 008 250103s9999 xx 000 0 eng d
020 _a9781137339942
037 _aTB
040 _aEDL
040 _beng
040 _cEDL
041 _2eng
041 _aeng
084 _a801 NIL
084 _qEDL
245 0 _aLiterary Materialism
260 _aNew York
260 _bPalgrave MacMillan
260 _c2013
300 _a267p
942 _cTB
942 _h801 NIL
999 _c1847205
_d1847205